[Event "CZE-ch Youth B14 2022"]
[Site "Luhacovice"]
[Date "2022.03.15"]
[Round "5.1"]
[White "Brozka, Karel"]
[Black "Hladky, Tadeas"]
[Result "1/2-1/2"]
[WhiteElo "2125"]
[BlackElo "2029"]
[Annotator "ChessBase"]
[PlyCount "111"]
[EventDate "2022.03.12"]
[EventType "swiss"]
[EventCountry "CZE"]
[SourceTitle "playchess.com"]
[Source "ChessBase"]
[SourceQuality "1"]
[TimeControl "40/5400+30:1800+30"]

1. d4 {[%emt 0:00:05]} d5 {[%emt 0:00:06]} 2. c4 {[%emt 0:00:06]} c6 {[%emt 0:00:02]} 3. Nc3 {[%emt 0:00:21]} Nf6 {[%emt 0:00:05]} 4. Nf3 {[%emt 0:00:11]} a6 {[%emt 0:00:11]} 5. e3 {[%emt 0:00:13]} Bf5 {[%emt 0:00:06]} 6. b3 {[%emt 0:05:36]} e6 {[%emt 0:00:24]} 7. Bb2 {[%emt 0:06:36]} Ne4 {[%emt 0:08:47]} 8. Nxe4 {[%emt 0:04:47]} Bxe4 {[%emt 0:01:57]} 9. Nd2 {[%emt 0:01:04]} Bg6 {[%emt 0:01:01]} 10. Be2 {[%emt 0:01:18]} Bd6 {[%emt 0:01:06]} 11. O-O {[%emt 0:03:36]} O-O {[%emt 0:01:12]} 12. Nf3 {[%emt 0:15:34]} Nd7 {[%emt 0:01:15]} 13. Rc1 {[%emt 0:01:20]} h6 {[%emt 0:01:08]} 14. Ne5 {[%emt 0:02:11]} Nxe5 {[%emt 0:04:09]} 15. dxe5 {[%emt 0:00:08]} Be7 {[%emt 0:01:30]} 16. cxd5 {[%emt 0:04:26]} cxd5 {[%emt 0:03:44]} 17. Qd4 {[%emt 0:06:58]} Qd7 {[%emt 0:03:56]} 18. Rfd1 {[%emt 0:08:47]} Rac8 {[%emt 0:04:21]} 19. e4 {[%emt 0:04:22]} Rxc1 {[%emt 0:03:17]} 20. Bxc1 {[%emt 0:00:12]} Rc8 {[%emt 0:00:17]} 21. exd5 {[%emt 0:05:49]} Qxd5 {[%emt 0:02:33]} 22. Qxd5 {[%emt 0:00:44]} exd5 {[%emt 0:00:07]} 23. Be3 {[%emt 0:00:23]} Rc2 {[%emt 0:01:18]} 24. Bf3 {[%emt 0:05:03]} Be4 {[%emt 0:03:43]} 25. Bxe4 {[%emt 0:00:15]} dxe4 {[%emt 0:00:05]} 26. Rd7 {[%emt 0:01:02]} Bg5 {[%emt 0:04:20]} 27. Bxg5 {[%emt 0:02:38]} hxg5 {[%emt 0:00:12]} 28. g4 {[%emt 0:04:33]} Rxa2 {[%emt 0:04:05]} 29. Rxb7 {[%emt 0:00:18]} Ra5 {[%emt 0:00:44]} 30. Rb8+ {[%emt 0:01:03]} Kh7 {[%emt 0:00:06]} 31. Rb7 {[%emt 0:00:22]} Kg8 {[%emt 0:00:06]} 32. Rb8+ {[%emt 0:03:30]} Kh7 {[%emt 0:00:05]} 33. Rb6 {[%emt 0:00:44]} Rxe5 {[%emt 0:03:44]} 34. Rxa6 {[%emt 0:00:46]} e3 {[%emt 0:01:49]} 35. fxe3 {[%emt 0:00:25]} Rxe3 {[%emt 0:00:05]} 36. Rb6 {[%emt 0:00:24]} Re2 {[%emt 0:00:05]} 37. h3 {[%emt 0:01:08]} Rb2 {[%emt 0:00:08]} 38. b4 {[%emt 0:06:14]} f6 {[%emt 0:00:15]} 39. Rb8 {[%emt 0:01:02]} Kg6 {[%emt 0:05:08]} 40. b5 {[%emt 0:00:24]} Kh7 {[%emt 0:00:06]} 41. Rb6 {[%emt 0:33:12]} Kg6 {[%emt 0:30:40]} 42. Rb7 {[%emt 0:00:15]} Kh7 {[%emt 0:00:25]} 43. b6 {[%emt 0:02:11]} Kg6 {[%emt 0:00:06]} 44. Rb8 {[%emt 0:00:09]} Kf7 {[%emt 0:01:15]} 45. Kf1 {[%emt 0:00:00]} Ke7 {[%emt 0:00:00]} 46. b7 {[%emt 0:00:00]} Kd7 {[%emt 0:00:00]} 47. Rg8 {[%emt 0:00:00]} Rxb7 {[%emt 0:00:00]} 48. Rxg7+ {[%emt 0:00:00]} Kc6 {[%emt 0:00:00]} 49. Rxb7 {[%emt 0:00:00]} Kxb7 {[%emt 0:00:00]} 50. Kf2 {[%emt 0:00:00]} Kc6 {[%emt 0:00:00]} 51. Kg3 {[%emt 0:00:00]} Kd5 {[%emt 0:00:00]} 52. h4 {[%emt 0:00:00]} gxh4+ {[%emt 0:00:00]} 53. Kxh4 {[%emt 0:00:00]} Ke5 {[%emt 0:00:00]} 54. Kh5 {[%emt 0:00:00]} Kf4 {[%emt 0:00:00]} 55. Kg6 {[%emt 0:00:00]} Kxg4 {[%emt 0:00:00]} 56. Kxf6 1/2-1/2

[Event "CZE-ch Youth B14 2022"]
[Site "Luhacovice"]
[Date "2022.03.15"]
[Round "5.2"]
[White "Prazak, Daniel"]
[Black "Fizer, Marek"]
[Result "1-0"]
[WhiteElo "2016"]
[BlackElo "1876"]
[Annotator "ChessBase"]
[PlyCount "59"]
[EventDate "2022.03.12"]
[EventType "swiss"]
[EventCountry "CZE"]
[SourceTitle "playchess.com"]
[Source "ChessBase"]
[SourceQuality "1"]
[TimeControl "40/5400+30:1800+30"]

1. e4 {[%emt 0:00:03]} c5 {[%emt 0:00:06]} 2. Nf3 {[%emt 0:00:08]} e6 {[%emt 0:00:09]} 3. g3 {[%emt 0:01:20]} Nc6 {[%emt 0:00:18]} 4. Bg2 {[%emt 0:00:07]} Qc7 {[%emt 0:00:59]} 5. O-O {[%emt 0:01:07]} Nf6 {[%emt 0:00:44]} 6. Re1 {[%emt 0:00:23]} d6 {[%emt 0:00:47]} 7. c3 {[%emt 0:02:01]} Be7 {[%emt 0:03:14]} 8. d4 {[%emt 0:06:02]} cxd4 {[%emt 0:00:27]} 9. cxd4 {[%emt 0:00:10]} O-O {[%emt 0:05:49]} 10. Nc3 {[%emt 0:02:50]} Rd8 {[%emt 0:07:40]} 11. Bf4 {[%emt 0:13:12]} Qb6 {[%emt 0:18:33]} 12. Qd2 {[%emt 0:05:33]} d5 {[%emt 0:07:47]} 13. e5 {[%emt 0:23:02]} Ne8 {[%emt 0:03:09]} 14. Rab1 {[%emt 0:04:52]} Bd7 {[%emt 0:03:18]} 15. h4 {[%emt 0:02:20]} Na5 {[%emt 0:01:12]} 16. Bg5 {[%emt 0:01:37]} f6 {[%emt 0:05:48]} 17. exf6 {[%emt 0:00:19]} Bxf6 {[%emt 0:05:08]} 18. Ne5 {[%emt 0:06:21]} Nc4 {[%emt 0:03:28]} 19. Nxc4 {[%emt 0:05:32]} dxc4 {[%emt 0:00:14]} 20. d5 {[%emt 0:01:05]} h6 {[%emt 0:06:35]} 21. Bf4 {[%emt 0:03:28]} exd5 {[%emt 0:01:41]} 22. Nxd5 {[%emt 0:00:42]} Qd4 {[%emt 0:00:55]} 23. Qxd4 {[%emt 0:00:26]} Bxd4 {[%emt 0:00:02]} 24. Ne7+ {[%emt 0:00:13]} Kh8 {[%emt 0:01:25]} 25. Bxb7 {[%emt 0:00:49]} Rab8 {[%emt 0:01:03]} 26. Bxb8 {[%emt 0:00:11]} Rxb8 {[%emt 0:00:08]} 27. Bd5 {[%emt 0:00:07]} Nf6 {[%emt 0:01:12]} 28. Bxc4 {[%emt 0:01:18]} Ng4 {[%emt 0:00:12]} 29. Re2 {[%emt 0:00:18]} Ne5 {[%emt 0:02:20]} 30. Rxe5 {[%emt 0:00:03]} 1-0

[Event "CZE-ch Youth B14 2022"]
[Site "Luhacovice"]
[Date "2022.03.15"]
[Round "5.3"]
[White "Zelba, Lukas"]
[Black "Setina, Vaclav"]
[Result "1-0"]
[WhiteElo "1945"]
[BlackElo "1881"]
[Annotator "ChessBase"]
[PlyCount "81"]
[EventDate "2022.03.12"]
[EventType "swiss"]
[EventCountry "CZE"]
[SourceTitle "playchess.com"]
[Source "ChessBase"]
[SourceQuality "1"]
[TimeControl "40/5400+30:1800+30"]

1. d4 {[%emt 0:00:11]} d5 {[%emt 0:00:03]} 2. Nf3 {[%emt 0:00:07]} Nf6 {[%emt 0:00:11]} 3. c4 {[%emt 0:00:05]} c6 {[%emt 0:00:11]} 4. Nc3 {[%emt 0:00:33]} e6 {[%emt 0:00:47]} 5. g3 {[%emt 0:00:09]} Nbd7 {[%emt 0:00:24]} 6. Bg2 {[%emt 0:00:11]} dxc4 {[%emt 0:01:52]} 7. e4 {[%emt 0:01:35]} Bb4 {[%emt 0:04:38]} 8. Bg5 {[%emt 0:15:16]} h6 {[%emt 0:03:44]} 9. Bxf6 {[%emt 0:00:25]} Nxf6 {[%emt 0:00:31]} 10. Ne5 {[%emt 0:01:14]} O-O {[%emt 0:03:32]} 11. Nxc4 {[%emt 0:02:09]} b6 {[%emt 0:02:56]} 12. a3 {[%emt 0:04:23]} Be7 {[%emt 0:06:42]} 13. Ne5 {[%emt 0:05:36]} Qc7 {[%emt 0:06:25]} 14. Rc1 {[%emt 0:07:28]} a6 {[%emt 0:10:27]} 15. O-O {[%emt 0:03:55]} Rd8 {[%emt 0:02:21]} 16. Nxc6 {[%emt 0:10:56]} Re8 {[%emt 0:09:12]} 17. e5 {[%emt 0:14:00]} Nd5 {[%emt 0:02:53]} 18. Nxd5 {[%emt 0:01:35]} exd5 {[%emt 0:00:16]} 19. Nb4 {[%emt 0:00:07]} Qd8 {[%emt 0:04:49]} 20. Nxd5 {[%emt 0:03:01]} Ra7 {[%emt 0:03:41]} 21. f4 {[%emt 0:03:57]} Bf8 {[%emt 0:02:24]} 22. Nb4 {[%emt 0:04:41]} Bxb4 {[%emt 0:04:17]} 23. axb4 {[%emt 0:00:08]} Rd7 24. d5 {[%emt 0:01:33]} Bb7 {[%emt 0:03:03]} 25. d6 {[%emt 0:00:35]} Bxg2 {[%emt 0:00:18]} 26. Kxg2 {[%emt 0:00:07]} g6 {[%emt 0:11:32]} 27. Qd5 {[%emt 0:01:51]} Kf8 {[%emt 0:05:08]} 28. Rfd1 {[%emt 0:01:02]} b5 {[%emt 0:08:32]} 29. Rc5 {[%emt 0:03:26]} Qb6 {[%emt 0:01:49]} 30. Qc6 {[%emt 0:02:54]} Qa7 {[%emt 0:00:46]} 31. Ra1 {[%emt 0:00:59]} Ra8 {[%emt 0:01:32]} 32. g4 {[%emt 0:01:39]} Kg8 {[%emt 0:00:43]} 33. Ra3 {[%emt 0:00:48]} Kh8 {[%emt 0:00:17]} 34. Kf1 {[%emt 0:02:49]} h5 35. gxh5 {[%emt 0:00:25]} gxh5 {[%emt 0:01:04]} 36. Rh3 {[%emt 0:02:01]} Kg7 {[%emt 0:00:56]} 37. Qg2+ {[%emt 0:00:54]} Kf8 {[%emt 0:00:21]} 38. Rxh5 {[%emt 0:00:13]} f5 {[%emt 0:00:39]} 39. Rh8+ {[%emt 0:01:01]} Kf7 {[%emt 0:00:11]} 40. e6+ {[%emt 0:00:33]} Kxe6 {[%emt 0:00:26]} 41. Qg6# 1-0

[Event "CZE-ch Youth B14 2022"]
[Site "Luhacovice"]
[Date "2022.03.15"]
[Round "5.4"]
[White "Buchta, Bartolomej"]
[Black "Zrubek, Dan"]
[Result "1/2-1/2"]
[WhiteElo "1901"]
[BlackElo "1478"]
[Annotator "ChessBase"]
[PlyCount "67"]
[EventDate "2022.03.12"]
[EventType "swiss"]
[EventCountry "CZE"]
[SourceTitle "playchess.com"]
[Source "ChessBase"]
[SourceQuality "1"]
[TimeControl "40/5400+30:1800+30"]

1. e4 {[%emt 0:00:02]} c5 {[%emt 0:00:11]} 2. Nf3 {[%emt 0:00:07]} d6 {[%emt 0:00:10]} 3. d4 {[%emt 0:00:04]} cxd4 {[%emt 0:00:17]} 4. Nxd4 {[%emt 0:00:05]} Nf6 {[%emt 0:00:30]} 5. Nc3 {[%emt 0:00:08]} g6 {[%emt 0:00:25]} 6. f3 {[%emt 0:00:26]} Bg7 {[%emt 0:00:46]} 7. Be3 {[%emt 0:00:06]} O-O {[%emt 0:00:14]} 8. Bc4 {[%emt 0:00:18]} Nc6 {[%emt 0:00:21]} 9. Bb3 {[%emt 0:00:50]} Nxd4 {[%emt 0:04:39]} 10. Bxd4 {[%emt 0:00:18]} Be6 {[%emt 0:01:39]} 11. Nd5 {[%emt 0:09:50]} Bxd5 {[%emt 0:04:29]} 12. exd5 {[%emt 0:04:04]} b5 {[%emt 0:02:21]} 13. O-O {[%emt 0:02:58]} Qc7 {[%emt 0:07:18]} 14. Re1 {[%emt 0:02:55]} Rfe8 {[%emt 0:02:08]} 15. a4 {[%emt 0:09:27]} a6 {[%emt 0:09:41]} 16. axb5 {[%emt 0:15:31]} axb5 {[%emt 0:00:13]} 17. Rxa8 {[%emt 0:00:19]} Rxa8 {[%emt 0:00:07]} 18. Qe2 {[%emt 0:00:03]} Qb7 {[%emt 0:00:15]} 19. Qxe7 {[%emt 0:03:51]} Qxe7 {[%emt 0:00:10]} 20. Rxe7 {[%emt 0:00:03]} Ra1+ {[%emt 0:00:11]} 21. Kf2 {[%emt 0:00:07]} Ng4+ {[%emt 0:00:14]} 22. Kg3 {[%emt 0:07:19]} Bxd4 {[%emt 0:00:21]} 23. Kxg4 {[%emt 0:00:22]} Bxb2 {[%emt 0:04:01]} 24. Rb7 {[%emt 0:04:42]} Ra5 {[%emt 0:07:53]} 25. f4 {[%emt 0:01:21]} Bd4 {[%emt 0:04:13]} 26. h4 {[%emt 0:04:55]} h5+ {[%emt 0:04:50]} 27. Kf3 {[%emt 0:01:21]} Kg7 {[%emt 0:04:49]} 28. g4 {[%emt 0:01:14]} hxg4+ {[%emt 0:02:13]} 29. Kxg4 {[%emt 0:01:49]} Kf6 {[%emt 0:01:01]} 30. c4 {[%emt 0:07:13]} bxc4 {[%emt 0:01:15]} 31. Bxc4 {[%emt 0:01:33]} Ra7 {[%emt 0:00:33]} 32. Rb1 {[%emt 0:01:43]} Kg7 {[%emt 0:07:04]} 33. f5 {[%emt 0:03:30]} Bf6 {[%emt 0:03:40]} 34. fxg6 {[%emt 0:00:30]} 1/2-1/2

[Event "CZE-ch Youth B14 2022"]
[Site "Luhacovice"]
[Date "2022.03.15"]
[Round "5.5"]
[White "Babula, Matej"]
[Black "Soucek, Jan"]
[Result "0-1"]
[WhiteElo "1753"]
[BlackElo "1849"]
[Annotator "NA"]
[PlyCount "80"]
[EventDate "2022.03.12"]
[EventType "swiss"]
[EventCountry "CZE"]
[SourceTitle "playchess.com"]
[Source "ChessBase"]
[SourceQuality "1"]
[TimeControl "40/5400+30:1800+30"]

1. e4 {[%emt 0:00:01]} e6 {[%emt 0:01:09]} 2. d4 {[%emt 0:00:06]} d5 {[%emt 0:00:08]} 3. Nd2 {[%emt 0:00:14]} Nf6 {[%emt 0:02:01]} 4. e5 {[%emt 0:00:04]} Nfd7 {[%emt 0:00:04]} 5. Bd3 {[%emt 0:00:15]} c5 {[%emt 0:00:14]} 6. c3 {[%emt 0:00:11]} Nc6 {[%emt 0:00:05]} 7. Ne2 {[%emt 0:02:54]} cxd4 {[%emt 0:00:57]} 8. cxd4 {[%emt 0:00:09]} f6 {[%emt 0:00:07]} 9. exf6 {[%emt 0:00:50]} Qxf6 {[%emt 0:01:08]} 10. Nf3 {[%emt 0:01:23]} Bd6 {[%emt 0:02:53]} 11. O-O {[%emt 0:05:27]} e5 $2 {[%emt 0:14:57] [#]} (11... h6 $14) 12. dxe5 $2 {[%emt 0:00:27]} ({Weaker is} 12. Bg5 Qf7 $11) (12. Nc3 $1 $18 {[%cal Rc3d5]}) 12... Ndxe5 {[%emt 0:00:15]} 13. Nxe5 {[%emt 0:00:38]} Bxe5 {[%emt 0:00:13]} ({Don't play} 13... Qxe5 14. Bf4 Qf6 15. Bxd6 Qxd6 16. Nc3 $16) 14. Qb3 {[%emt 0:14:46]} Qf7 {[%emt 0:22:54]} 15. Qa3 {[%emt 0:13:13]} Bf5 {[%emt 0:11:31]} 16. Bxf5 {[%emt 0:02:34]} Qxf5 {[%emt 0:00:08]} 17. f4 {[%emt 0:11:13]} Bf6 {[%emt 0:08:01]} 18. Qe3+ {[%emt 0:02:19]} Kf7 {[%emt 0:12:04]} 19. Ng3 {[%emt 0:03:04]} Qc2 $1 {[%emt 0:00:59]} 20. Kh1 {[%emt 0:02:56]} Rhe8 {[%emt 0:05:07]} (20... Bxb2 $2 21. Bxb2 Qxb2 22. Rab1 $18) 21. Qf3 {[%emt 0:03:08]} Rad8 {[%emt 0:01:25]} 22. f5 {[%emt 0:10:46]} Re7 {[%emt 0:04:26]} 23. Nh5 {[%emt 0:02:28]} Nd4 {[%emt 0:01:48]} 24. Qh3 {[%emt 0:03:03]} Qxf5 {[%emt 0:03:16]} 25. Qxf5 {[%emt 0:01:41]} Nxf5 {[%emt 0:00:01]} 26. Nxf6 {[%emt 0:03:11]} gxf6 {[%emt 0:00:04]} 27. g4 {[%emt 0:03:21]} Ne3 {[%emt 0:01:01]} 28. Bxe3 {[%emt 0:00:26]} Rxe3 {[%emt 0:00:01]} 29. g5 {[%emt 0:00:54]} Rd6 {[%emt 0:00:48]} 30. Rad1 {[%emt 0:01:22]} Re5 {[%emt 0:00:09]} 31. Rc1 {[%emt 0:03:08]} Rxg5 {[%emt 0:03:56]} 32. Rc7+ {[%emt 0:00:05]} Kg6 {[%emt 0:00:41]} 33. Rxb7 {[%emt 0:00:06] [#]} d4 $1 {[%emt 0:00:09]} 34. Rxa7 $19 {[%emt 0:06:31]} (34. h4 {is a better chance.} Rg4 35. Rxa7) 34... d3 {[%emt 0:00:31]} 35. Re7 {[%emt 0:00:03]} d2 {[%emt 0:00:19]} 36. Rd1 {[%emt 0:00:02]} Rc5 {[%emt 0:01:05]} 37. Re2 {[%emt 0:00:08]} Rc1 {[%emt 0:01:15]} 38. Rg2+ {[%emt 0:00:02]} Kf5 {[%emt 0:00:18]} 39. Rgg1 {[%emt 0:00:03]} Rxd1 {[%emt 0:00:36]} 40. Rxd1 {[%emt 0:00:01]} Ke4 {[%emt 0:00:01]} 0-1

[Event "CZE-ch Youth B14 2022"]
[Site "Luhacovice"]
[Date "2022.03.15"]
[Round "5.6"]
[White "Jasso, Matej"]
[Black "Svoboda, Daniel"]
[Result "1-0"]
[WhiteElo "1726"]
[BlackElo "1619"]
[Annotator "NA"]
[PlyCount "57"]
[EventDate "2022.03.12"]
[EventType "swiss"]
[EventCountry "CZE"]
[SourceTitle "playchess.com"]
[Source "ChessBase"]
[SourceQuality "1"]
[TimeControl "40/5400+30:1800+30"]

1. e4 {[%emt 0:00:08]} c5 {[%emt 0:00:05]} 2. Nf3 {[%emt 0:00:10]} d6 {[%emt 0:00:11]} 3. d4 {[%emt 0:00:05]} cxd4 {[%emt 0:00:07]} 4. Nxd4 {[%emt 0:00:07]} Nf6 {[%emt 0:00:13]} 5. Nc3 {[%emt 0:00:06]} g6 {[%emt 0:00:06]} 6. Be3 {[%emt 0:00:25]} Bg7 {[%emt 0:01:11]} 7. f3 {[%emt 0:00:08]} O-O {[%emt 0:00:21]} 8. Bc4 {[%emt 0:00:25]} Nc6 {[%emt 0:00:37]} 9. Qd2 {[%emt 0:00:26]} Bd7 {[%emt 0:00:48]} 10. O-O-O {[%emt 0:01:41]} Rc8 {[%emt 0:00:58]} 11. Bb3 {[%emt 0:00:07]} Nxd4 {[%emt 0:00:09]} 12. Bxd4 {[%emt 0:00:12]} b5 {[%emt 0:00:07]} 13. h4 {[%emt 0:05:38]} a5 {[%emt 0:03:56]} 14. a4 {[%emt 0:04:07]} b4 {[%emt 0:09:27]} 15. Nb5 {[%emt 0:05:41]} Bxb5 {[%emt 0:02:43]} 16. axb5 {[%emt 0:00:11]} e6 {[%emt 0:17:23]} 17. h5 {[%emt 0:09:40]} Re8 {[%emt 0:11:07]} 18. g4 {[%emt 0:04:55]} d5 {[%emt 0:11:50]} 19. h6 {[%emt 0:03:35]} Bf8 {[%emt 0:05:39]} 20. b6 {[%emt 0:15:53]} dxe4 {[%emt 0:08:17]} 21. Ba4 {[%emt 0:02:50]} b3 {[%emt 0:06:13]} 22. c3 {[%emt 0:02:41]} e5 {[%emt 0:05:36]} 23. Be3 {[%emt 0:01:46]} Qxd2+ {[%emt 0:01:56]} 24. Rxd2 {[%emt 0:00:06]} Red8 {[%emt 0:01:22]} 25. b7 {[%emt 0:02:45]} Rb8 {[%emt 0:00:57]} 26. Rxd8 {[%emt 0:01:05]} Rxd8 {[%emt 0:00:13]} 27. Ba7 {[%emt 0:00:46]} Bd6 {[%emt 0:01:40]} 28. Rd1 {[%emt 0:00:05]} Ne8 {[%emt 0:01:03]} 29. Bxe8 {[%emt 0:00:24]} 1-0

[Event "CZE-ch Youth B14 2022"]
[Site "Luhacovice"]
[Date "2022.03.15"]
[Round "5.7"]
[White "Siles, Jan"]
[Black "Vysinsky, Otakar"]
[Result "1-0"]
[WhiteElo "1548"]
[BlackElo "1534"]
[Annotator "NA"]
[PlyCount "97"]
[EventDate "2022.03.12"]
[EventType "swiss"]
[EventCountry "CZE"]
[SourceTitle "playchess.com"]
[Source "ChessBase"]
[SourceQuality "1"]
[TimeControl "40/5400+30:1800+30"]

1. e4 {[%emt 0:00:10]} e5 {[%emt 0:00:17]} 2. Nf3 {[%emt 0:00:12]} Nf6 {[%emt 0:00:32]} 3. Nc3 {[%emt 0:07:23]} Nc6 {[%emt 0:02:44]} 4. Bb5 {[%emt 0:00:26]} Bb4 {[%emt 0:01:05]} 5. O-O O-O 6. a3 {[%emt 0:04:04]} Ba5 {[%emt 0:03:23]} 7. b4 {[%emt 0:01:13]} Bb6 {[%emt 0:00:19]} 8. Bb2 {[%emt 0:00:42]} d6 {[%emt 0:02:54]} 9. h3 {[%emt 0:04:29]} Nd4 {[%emt 0:03:34]} 10. Nxd4 {[%emt 0:10:47]} Bxd4 {[%emt 0:00:47]} 11. Qe2 {[%emt 0:01:25]} Be6 {[%emt 0:10:08]} 12. Nd1 {[%emt 0:05:15]} Bxb2 {[%emt 0:04:20]} 13. Nxb2 {[%emt 0:00:07]} c6 {[%emt 0:01:05]} 14. Bc4 {[%emt 0:02:34]} d5 {[%emt 0:02:46]} 15. exd5 {[%emt 0:00:15]} cxd5 {[%emt 0:00:10]} 16. Bb3 {[%emt 0:00:37]} Re8 {[%emt 0:07:54]} 17. Rfe1 {[%emt 0:06:08]} Qc7 18. Qxe5 {[%emt 0:04:48]} Qd7 {[%emt 0:13:12]} 19. Qg3 {[%emt 0:04:09]} Ne4 {[%emt 0:02:09]} 20. Qd3 {[%emt 0:00:09]} b5 {[%emt 0:02:27]} 21. Nd1 {[%emt 0:03:55]} Bf5 {[%emt 0:09:27]} 22. Ne3 {[%emt 0:01:46]} Bxh3 {[%emt 0:08:51]} 23. Qxd5 {[%emt 0:13:07]} Be6 {[%emt 0:02:44]} 24. Qxd7 {[%emt 0:00:29]} Bxd7 {[%emt 0:00:01]} 25. d3 {[%emt 0:00:52]} Nc3 {[%emt 0:01:56]} 26. Nd5 {[%emt 0:00:43]} Ne2+ {[%emt 0:02:14]} 27. Kf1 {[%emt 0:00:18]} Nd4 {[%emt 0:00:13]} 28. Rxe8+ {[%emt 0:03:26]} Rxe8 {[%emt 0:00:27]} 29. Re1 {[%emt 0:00:13]} Kf8 {[%emt 0:02:52]} 30. Rxe8+ {[%emt 0:02:08]} Kxe8 {[%emt 0:00:16]} 31. Ke1 {[%emt 0:00:17]} Bc6 {[%emt 0:01:31]} 32. Ne3 {[%emt 0:00:49]} f5 {[%emt 0:01:47]} 33. f4 {[%emt 0:02:22]} h6 {[%emt 0:01:29]} 34. Ba2 {[%emt 0:03:19]} Ke7 {[%emt 0:05:34]} 35. c3 {[%emt 0:00:41]} Ne6 {[%emt 0:01:12]} 36. Nxf5+ {[%emt 0:00:09]} Kf6 {[%emt 0:00:09]} 37. Bxe6 {[%emt 0:00:08]} Kxe6 {[%emt 0:00:24]} 38. Nd4+ {[%emt 0:00:07]} Kd6 {[%emt 0:00:25]} 39. Nxc6 {[%emt 0:00:06]} Kxc6 {[%emt 0:00:06]} 40. Ke2 {[%emt 0:00:08]} Kd5 {[%emt 0:00:06]} 41. Kf3 {[%emt 0:30:34]} h5 {[%emt 0:30:30]} 42. g3 {[%emt 0:00:50]} g6 {[%emt 0:00:30]} 43. Ke3 {[%emt 0:00:06]} a6 {[%emt 0:00:13]} 44. Kf3 {[%emt 0:00:04]} Ke6 {[%emt 0:00:19]} 45. Ke4 {[%emt 0:00:10]} Kf6 {[%emt 0:00:10]} 46. c4 {[%emt 0:00:08]} bxc4 {[%emt 0:00:36]} 47. dxc4 {[%emt 0:00:07]} g5 {[%emt 0:00:07]} 48. fxg5+ {[%emt 0:00:17]} Kxg5 {[%emt 0:00:08]} 49. Kf3 {[%emt 0:00:04]} 1-0

[Event "CZE-ch Youth B14 2022"]
[Site "Luhacovice"]
[Date "2022.03.15"]
[Round "5.8"]
[White "Juracak, David"]
[Black "Juhanak, Daniel"]
[Result "1-0"]
[WhiteElo "1717"]
[BlackElo "1688"]
[Annotator "NA"]
[PlyCount "121"]
[EventDate "2022.03.12"]
[EventType "swiss"]
[EventCountry "CZE"]
[SourceTitle "playchess.com"]
[Source "ChessBase"]
[SourceQuality "1"]
[TimeControl "40/5400+30:1800+30"]

1. d4 {[%emt 0:00:02]} Nf6 {[%emt 0:00:15]} 2. c4 {[%emt 0:00:05]} e6 {[%emt 0:00:17]} 3. Nf3 {[%emt 0:00:17]} b6 {[%emt 0:01:06]} 4. e3 {[%emt 0:00:07]} Bb7 {[%emt 0:00:29]} 5. Bd3 {[%emt 0:00:14]} d5 {[%emt 0:00:48]} 6. b3 {[%emt 0:00:22]} dxc4 {[%emt 0:01:34]} 7. bxc4 {[%emt 0:00:16]} c5 {[%emt 0:01:34]} 8. Bb2 {[%emt 0:00:56]} Nc6 {[%emt 0:01:13]} 9. O-O {[%emt 0:02:01]} Be7 {[%emt 0:01:45]} 10. Nbd2 {[%emt 0:00:35]} O-O {[%emt 0:01:02]} 11. Rc1 {[%emt 0:00:42]} Qc7 {[%emt 0:04:26]} 12. Qe2 {[%emt 0:01:20]} Rfd8 {[%emt 0:03:04]} 13. Rfd1 {[%emt 0:00:26]} Rac8 {[%emt 0:01:42]} 14. h3 {[%emt 0:03:21]} h6 {[%emt 0:02:40]} 15. Nb3 {[%emt 0:08:37]} a5 {[%emt 0:07:10]} 16. Nbd2 {[%emt 0:11:29]} Qb8 17. a3 {[%emt 0:26:51]} Qa8 {[%emt 0:24:01]} 18. Rb1 {[%emt 0:10:00]} Rd7 {[%emt 0:10:49]} 19. dxc5 {[%emt 0:03:00]} bxc5 {[%emt 0:12:15]} 20. Nb3 {[%emt 0:01:48]} a4 {[%emt 0:03:55]} 21. Bxf6 {[%emt 0:01:05]} gxf6 {[%emt 0:01:34]} 22. Nxc5 {[%emt 0:00:23]} Bxc5 {[%emt 0:03:04]} 23. Bh7+ {[%emt 0:00:04]} Kxh7 {[%emt 0:00:21]} 24. Rxd7 {[%emt 0:00:03]} Nd8 {[%emt 0:00:58]} 25. Rb5 {[%emt 0:18:23]} Kg7 {[%emt 0:12:08]} 26. Rxd8 {[%emt 0:01:21]} Rxd8 {[%emt 0:00:34]} 27. Rxc5 {[%emt 0:00:03]} Qa6 {[%emt 0:02:17]} 28. Nd4 {[%emt 0:00:56]} Qb6 {[%emt 0:01:15]} 29. Rb5 {[%emt 0:00:30]} Qc7 {[%emt 0:01:00]} 30. Qg4+ {[%emt 0:00:32]} Kh7 {[%emt 0:00:43]} 31. Qh4 {[%emt 0:00:42]} f5 {[%emt 0:01:01]} 32. Rxb7 {[%emt 0:01:26]} Rxd4 {[%emt 0:00:25]} 33. Rxc7 {[%emt 0:00:05]} Rxh4 {[%emt 0:00:03]} 34. Rxf7+ {[%emt 0:00:07]} Kg6 {[%emt 0:00:30]} 35. Rc7 {[%emt 0:00:04]} Re4 {[%emt 0:00:42]} 36. Kf1 {[%emt 0:00:12]} f4 {[%emt 0:00:45]} 37. Ke2 {[%emt 0:00:28]} fxe3 {[%emt 0:00:30]} 38. fxe3 {[%emt 0:00:03]} Re5 {[%emt 0:00:37]} 39. Ra7 {[%emt 0:00:54]} Rg5 {[%emt 0:00:20]} 40. g4 {[%emt 0:00:24]} h5 {[%emt 0:00:24]} 41. gxh5+ {[%emt 0:30:32]} Rxh5 {[%emt 0:01:28]} 42. Rxa4 {[%emt 0:00:00]} Rxh3 {[%emt 0:01:40]} 43. c5 {[%emt 0:00:00]} Kf6 {[%emt 0:06:12]} 44. c6 {[%emt 0:00:00]} Ke7 {[%emt 0:03:38]} 45. Rd4 {[%emt 0:00:00]} Rh2+ {[%emt 0:03:24]} 46. Kd3 {[%emt 0:00:00]} Ra2 {[%emt 0:00:53]} 47. a4 {[%emt 0:00:00]} Ra3+ {[%emt 0:00:20]} 48. Kd2 {[%emt 0:00:00]} Ra2+ {[%emt 0:00:23]} 49. Kc1 {[%emt 0:00:00]} Ra3 {[%emt 0:02:12]} 50. Kb2 {[%emt 0:00:00]} Rxe3 {[%emt 0:02:02]} 51. c7 {[%emt 0:00:00]} e5 {[%emt 0:00:20]} 52. c8=Q {[%emt 0:00:00]} exd4 {[%emt 0:00:09]} 53. Qc5+ {[%emt 0:00:00]} Ke6 {[%emt 0:00:47]} 54. Qxd4 {[%emt 0:00:00]} Re5 {[%emt 0:00:24]} 55. Qb6+ {[%emt 0:00:00]} Ke7 {[%emt 0:00:17]} 56. a5 {[%emt 0:00:00]} Rd5 {[%emt 0:00:17]} 57. a6 {[%emt 0:00:00]} Kd7 {[%emt 0:00:59]} 58. Qb7+ {[%emt 0:00:00]} Kd6 {[%emt 0:00:09]} 59. Qxd5+ {[%emt 0:00:00]} Kxd5 {[%emt 0:00:05]} 60. a7 {[%emt 0:00:00]} Kd6 {[%emt 0:00:19]} 61. a8=Q {[%emt 0:00:00]} 1-0